banner-ar

تجليد الكتاب المخطوط فى اليمن فى الفترة من القرن الحادى عشر الى القرن الثالث عشر الهجرى: (Record no. 66848)

MARC details
000 -الفاتح
حقل البيانات ثابتة الطول 01078nam a2200217Ia 4500
005 - وقت وتاريخ اخر تعامل مع التسجيلة
رقم الضبط 20240530110943.0
008 - عناصر البيانات ثابتة الطول - معلومات عامة
حقل البيانات ثابتة الطول 140319s2021 sy ahk b 000 0 ara d
022 ## - الرقم الدولى المعيارى للدوريات
الرقم الدولى المعيارى للدوريات 9789933658090
040 ## - مصدر الفهرسة
وكالة الفهرسة الأصلية GCL /
وكالة النسخ GCL
082 04 - رقم تصنيف ديوى العشرى
رقم التصنيف 686.3
رقم المادة س ت
100 0# - المدخل الرئيسى - إسم شخصى
الإسم الشخصى سمر على صالح العراسى
245 10 - بيان العنوان
العنوان تجليد الكتاب المخطوط فى اليمن فى الفترة من القرن الحادى عشر الى القرن الثالث عشر الهجرى:
بقية العنوان دراسة فنية اثرية فى ضوء مجموعة دار المخطوطات بصنعاء/
بيان المسئوليه,etc سمر على صالح العراسى
260 ## - PUBLICATION, DISTRIBUTION, ETC. (IMPRINT)
تاريخ النشر أو التوزيع 2021.
300 ## - الوصف المادى
التعداد 410 ص. :
تفاصيل ماديه اخرى للوعاء ايض ؛
أبعاد الوعاء 24 سم.
504 ## - تبصرة ببليوجرافية
تبصرة ببليوجرافية,الخ يشتمل على ارجاعات ببليوجرافية
650 07 - المدخل الاضافى بالموضوع-مصطلح موضوعى
مصدر الرأس أو المصطلح qrmak
مصطلح موضوعي العمارة الاسلامية
التقسيم الفرعي الجغرافي اليمن
650 07 - المدخل الاضافى بالموضوع-مصطلح موضوعى
مصدر الرأس أو المصطلح qrmak
مصطلح موضوعي المخطوطات
التقسيم الفرعي الجغرافي اليمن
650 07 - المدخل الاضافى بالموضوع-مصطلح موضوعى
مصدر الرأس أو المصطلح qrmak
مصطلح موضوعي الفنون الاسلامية
التقسيم الفرعي الجغرافي اليمن
942 ## - عناصر المدخل الإضافي( كوها)
مصدر التصنيف او مخطط الترفيف Dewey Decimal Classification
Koha [default] item type كتاب
260 ## - PUBLICATION, DISTRIBUTION, ETC. (IMPRINT)
-- دمشق :
-- نور حوران للدراسات والنشر والتراث،
Holdings
حالة التراجع حالة الفقد حالة تلف ليس للاعارة المكان المؤقت الموقع الحالى موقع الترفيف تاريخ الاكتساب اجمالي اﻻعارات رقم الطلب الباركود تاريخ اخر مشاهدة تاريخ تفعيل السعر نوع وعاء كوها
        مكتبة القاهرة الكبرى مكتبة القاهرة الكبرى قاعة العلوم التطبيقية_ك عربى 11/08/2022   686.3 س ت 168806 11/08/2022 11/08/2022 كتاب

Powered By

EGPV